000 00911nam a2200241Ia 4500
003 OSt
005 20220918110731.0
006 a|||||r|||| 00| 0
007 ta
008 220915b |||||||| |||| 00| 0 hin d
024 _a276299
037 _cReference Collections
040 _aARTS
_cARTS
_bhin
041 _2hin
_ahin
082 _aO152,3M80:g, K7;M9(RR)
100 _aगुर्टू, शचीरानी
245 0 _aप्रेमचन्द
_bव्यक्तित्व और कृतित्व
246 _aPremachanda:vyaktitva aur kṛutitva
260 _aदिल्ली
_bइण्डिया पब्लिशिंग हाउस भारत
_c1967
650 _aहिन्दी साहित्य
942 _hO152,3M80:g, K7;M9(RR)
_cREF
999 _c114346
_d114346